00755nam a22001937a 4500999001900000005001700019010001500036020002600051035001500077037001300092082001300105100002000118245008500138260004800223270008000271300005800351942002700409952012500436 c194510d19451020221227111208.0 aENG-135948 a9789390961667c695.00 aEN-1194580 bDBAD/PUB a270.0954 aJohn, Fr Thomas aTribes of Nagaland And The Catholic Church:bA Journey Together/cFr Thomas John aNew DelhibVitasta Publishing Pvt Ltdc2023 a2/15, Ansari Road, DaryaganjbNew Delhie110002minfo@vitastapublishing.com axi, 443p. bReferences, Appendix, Glossaryc22cm(pbk) 2ddccENmJOHh270.0954 001040708NFICaKGMbKGMd2022-12-27eDBAD/PUBg695.00l0o270.0954 JOHpEN-119480r2022-12-27 00:00:00t1v695.00yEN